000 00971nam a2200241 i 4500
001 133587
003 ES-MaACL
005 20250822062552.0
007 t|
008 070821m19791980sp ||||1| spa d
100 1 _aWolman, Benjamin B.
_9117289
245 1 0 _aManual de psicología general /
_cBenjamin B. Wolman ; [edición a cargo de Jaime Arnau Gras ; traducción de J. Casanova, A. Remesar, Mireia Bofill].
260 _aBarcelona :
_bMartínez Roca,
_c[1979-1980]
300 _a4 v. ;
_c24 cm.
505 8 _aContiene: 1. Historia, teoría y método -- 2. Bases orgánicas de la conducta y percepción -- 3. Aprendizaje, lenguaje, pensamiento e inteligencia -- 4. Motivación, emoción y personalidad
650 7 _aPsicología
_2embne
_916540
700 1 _aArnau Gras, Jaume.
_923058
700 1 _aCasanova, J.
_936099
700 1 _aRemesar, Antoni.
_996130
700 1 _aBofill, Mireia.
_929779
852 4 _aES-MaACL
_jL-2445-48
999 _c133587
_d133587